000 00587nam a2200193Ia 4500
005 20260120124619.0
008 008 260114s9999 xx 000 0 eng d
020 _a9780762313280
037 _aEBOOK
040 _aCRL
_beng
_cCRL
041 _aeng
_2eng
084 _qCRL
245 0 _aStrategic Thinking and Entrepreneurial Action in the Health Care Industry
260 _bEmerald Publishing
_c2007
700 _aJohn D. Blair
_9908394
856 _uhttps://www.emerald.com/insight/publication/doi/10.1016/S1474-8231(2007)6
942 _cEBOOK
999 _c1500288
_d1500288